Didaktika pro vysokoškolské učitele : [vybrané kapitoly] /

Hlavní autor: Podlahová, Libuše, 1943-
Jazyk: Čeština
Vydáno: Praha : Grada, 2012
Vydání: Vyd. 1.
Edice: Pedagogika (Grada)
Témata:
Fyzický popis: 154 s. ; 21 cm
Language note: Souběžné anglické resumé
Knihy
Uloženo v:
LEADER 02186nam a2200589 a 4500
001 nkc20122380229
003 CZ PrNK
005 20170601132711.0
007 ta
008 120713s2012 xr e f 001 0 cze
015 |a cnb002380229 
020 |a 978-80-247-4217-5  |q (brož.) 
035 |a (OCoLC)815381294 
040 |a OLA001  |b cze  |d ABA001 
041 1 |a cze  |h eng 
072 7 |a 37.09  |x Organizace výuky a vzdělávání  |2 Konspekt  |9 22 
080 |a 378.011.3-051  |2 MRF 
080 |a 37.091.321  |2 MRF 
080 |a 37.02  |2 MRF 
080 |a 37.091.3  |2 MRF 
080 |a 378.14  |2 MRF 
080 |a (035)  |2 MRF 
100 1 |a Podlahová, Libuše,  |d 1943-  |7 ola2002142310  |4 aut 
245 1 0 |a Didaktika pro vysokoškolské učitele :  |b [vybrané kapitoly] /  |c Libuše Podlahová a kolektiv 
250 |a Vyd. 1. 
260 |a Praha :  |b Grada,  |c 2012 
300 |a 154 s. ;  |c 21 cm 
490 1 |a Pedagogika 
500 |a Terminologický slovník 
504 |a Obsahuje bibliografii a rejstřík 
546 |a Souběžné anglické resumé 
650 0 7 |a vysokoškolští učitelé  |7 ph127282  |2 czenas 
650 0 7 |a pedagogické dovednosti  |7 ph157201  |2 czenas 
650 0 7 |a didaktika  |7 ph114316  |2 czenas 
650 0 7 |a vyučovací metody  |7 ph127294  |2 czenas 
650 0 7 |a vysokoškolské studium  |7 ph127279  |2 czenas 
650 0 9 |a college teachers  |2 eczenas 
650 0 9 |a teaching skills  |2 eczenas 
650 0 9 |a teaching  |2 eczenas 
650 0 9 |a teaching methods  |2 eczenas 
650 0 9 |a college study  |2 eczenas 
655 7 |a příručky  |7 fd133209  |2 czenas 
655 9 |a handbooks and manuals  |2 eczenas 
830 0 |a Pedagogika (Grada)  |0 s 
910 2 |a BOA001  |b 1-1288.810 
990 |a BK 
995 |a 01 
991 |b 201208  |c NOV  |e n 
996 6 |b 2610519734  |c 1-1288.810  |l MZK  |r Sklad / do 1 hodiny  |n 3  |p p.v.  |w 001275099  |u 000010  |a 1  |e BOA001  |j MZK50  |s P 
996 6 |b 2610521230  |c 1-1288.810  |l MZK  |r HSS 4p  |n 0  |p kup  |h 378 POD  |w 001275099  |u 000020  |a 0  |e BOA001  |j MZK50  |s P 
996 7 |b 2610521231  |c 1-1288.810  |l Vol.výběr  |r VV 0p  |n 16  |p kup  |h 378 POD  |w 001275099  |u 000030  |a 0  |e BOA001  |j MZK50  |s A 
996 7 |b 2610521232  |c 1-1288.810  |l Vol.výběr  |r VV 0p  |n 18  |p kup  |h 378 POD  |w 001275099  |u 000040  |a 0  |e BOA001  |j MZK50  |s A